000 00555nam a2200217Ia 4500
008 160404s9999 xx 000 0 und d
020 _a971-08-6281-2
050 _aFIL HF 5635
050 _b.H47 2002 c.2
100 _aHerrero, Carmen C.
245 _aAccounting principles 3 /
245 _cCarmern C. Herrero, Amelia M. Argando.
250 _a3rd Edition
260 _aMandaluyong:
260 _bNational Book Store,
260 _c2002
300 _a78 pages :
300 _billustrations ;
300 _c25 cm.
650 _aAccounting.
999 _c293217
_d293217